Environmetálna Kuznetsova krivka a pozícia Slovenska a Českej republiky v Európskej únii

Ekonometrická analýza Kuznetsovej krivky. Odhad environmentálnej Kuznetsovej krivky a jej zodpovedajúceho bodu obratu pre krajiny Európskej únie. Základné aspekty skúmaného javu a dosiahnuté výsledky.

Guardado en:
Detalles Bibliográficos
Autor principal: Želinský, Tomáš
Formato: Capítulo de libro
Lenguaje:eslovaco
Materias:
Etiquetas: Agregar Etiqueta
Sin Etiquetas, Sea el primero en etiquetar este registro!

MARC

LEADER 00000naa$a2200000$$$4500
001 0176592
005 20231207102302.1
041 0 |a slo 
044 |a CZ 
245 1 0 |a Environmetálna Kuznetsova krivka a pozícia Slovenska a Českej republiky v Európskej únii  |c Tomáš Želinský 
520 |a Ekonometrická analýza Kuznetsovej krivky. Odhad environmentálnej Kuznetsovej krivky a jej zodpovedajúceho bodu obratu pre krajiny Európskej únie. Základné aspekty skúmaného javu a dosiahnuté výsledky. 
610 2 0 |a analýza ekonometrická 
610 2 0 |a metódy ekonometrické 
610 2 0 |a modely ekonometrické 
610 2 0 |a korelácia 
610 2 0 |a hodnota 
610 2 0 |a environmentalistika 
100 1 |a Želinský, Tomáš